00000000nam##2200000za#4500
0019.645212
003CaOODSP
00520250506145324
007ta
008150407|1993||||xxc|||||     f|0| 0 eng|d
020 |a0-662-20900-1
040 |aCaOODSP|beng
043 |an-cn---
0861 |aA63-1900/1993E
1101 |aCanada.|bAgriculture Canada.
24510|aHow dietary copper affects ruminants / |cby M. Ivan, Centre for Food and Animal Research.
260 |aOttawa - Ontario : |bAgriculture Canada |c1993.
300 |a15p. : |billus. ; |c28 cm.
500 |aContents: Introduction.--Biological availability of copper.--Copper deficiency.--Copper toxicity.--Conclusions.
563 |aSoftcover
590 |a93-48|b1993-12-03
69007|aLivestock|2gcpds
69007|aAnimal health|2gcpds
7201 |aIvan, M.
77508|tMode d'action du cuivre d'origine alimentaire sur les ruminants / |w(CaOODSP)9.678977
7760#|tHow dietary copper affects ruminants |w(CaOODSP)9.696989
986 |aPublication 1900/E